| 000 | 01145nam a2200253Ia 4500 | ||
|---|---|---|---|
| 003 | OSt | ||
| 005 | 20210210171726.0 | ||
| 008 | 191128t2011 ag adb gr 000 0 spa d | ||
| 020 | _a9789806810556 | ||
| 040 |
_aCO-JMCR _cCO-JMCR |
||
| 041 | 0 | _aspa | |
| 082 | 0 | 4 |
_a711.4 / _bB213d _223 |
| 110 | 2 |
_aBanco de Desarrollo de América Latina _96178 |
|
| 245 | 1 | 0 |
_aDesarrollo Urbano y Movilidad en América Latina / _cBanco de Desarrollo de América Latina |
| 260 |
_aBuenos Aires : _bCorporación Andina de Fomento, _c©2011 |
||
| 300 |
_a324 páginas : _bilustraciones, gráficos y mapas a color ; _c28 cm. |
||
| 504 | _aBibliografía: páginas 317-324 | ||
| 505 | 0 | _aBuenos Aires -- Bello Horizonte -- Curitiba -- Porto Alegre -- Rio de Janeiro -- Sáo Paulo -- Santiago -- Bogotá -- San José -- Ciudad de México -- Guadalajara -- León -- Lima -- Montevideo -- Caracas -- Movilidad en las áreas metropolitanas de América | |
| 650 | 1 | 4 |
_aUrbanismo _zAmérica Latina _913278 |
| 650 | 2 | 4 |
_aMovilidad urbana _zAmérica Latina _913279 |
| 650 | 2 | 4 |
_aMovilidad urbana _zColombia _913280 |
| 650 | 2 | 4 |
_aUrbanismo _zColombia _913281 |
| 942 |
_2ddc _cBK |
||
| 999 |
_c6153 _d6153 |
||